LEADER 01047nam a2200241 i 4500 001 000000170666 003 CaOOAMICUS 005 20240408144818.0 008 080404n it u000 u ita u 013 $a148082 040 $aSeMil$bita 100 1 $aByron, George Gordon,$d<1788-1824>.$0(OLS)http://semarc/name/89368 245 10$aParisina ; Il prigioniero di Chillon /$cLord Byron ; versione col testo a fronte, introduzione e commento a cura di Aldo Ricci. 260 $aFirenze :$bSansoni,$c[1925] 300 $aVIII, 185 p., con un ritratto ;$c16 cm. 490 0 $aBiblioteca sansoniana straniera ;$v30 700 1 $aRicci, Aldo.$0(OLS)http://semarc/name/8665 830 0$aBiblioteca sansoniana straniera ;$v30.$0(OLS)http://semarc/title/19727 850 $aSeMil 852 $aSeMil$W1$xVenegono$y1$m1W I 33$j121549$B121549$CSeMilBibl$Z2$F132894 $81 996 $6245$aParisina ; Il prigioniero di Chillon$9(OLS)http://semarc/title/244118 996 $6260$aFirenze :$bSansoni$9(OLS)http://semarc/publisher/29843 LEADER 01055nam a2200277 i 4500 001 000000118961 003 CaOOAMICUS 005 20031014000000.0 008 031014s2003 it u000 u ita u 013 $a91654 020 $a88-399-1186-3 040 $aSeMil$bita 100 1 $aPuddinu, Paolo.$0(OLS)http://semarc/name/49622 245 10$aShintoismo /$cPaolo Puddinu. 260 $aBrescia :$bQueriniana,$ccoypr. 2003. 300 $a133 p. ;$c19 cm. 490 0 $aPiccola biblioteca delle religioni ;$v16 500 $aContiene : Bibliografia. 650 4$aShintoismo.$0(OLS)http://semarc/subject/18591 830 0$aPiccola biblioteca delle religioni ;$v16.$0(OLS)http://semarc/title/8176 850 $aSeMil 852 $aSeMil$W1$xVenegono$y1$m2R VII 76$j74206$B74206$CSeMilBibl$Z2$F76605 $81 961 $aRecupero: Seminario di Seveso 996 $6020$a88-399-1186-3$9(OLS)http://semarc/number/103688 996 $6245$aShintoismo$9(OLS)http://semarc/title/174770 996 $6260$aBrescia :$bQueriniana$9(OLS)http://semarc/publisher/29615